Domingo del Monte : (Registro nro. 7421)
[ vista simple ]
| 000 -CABECERA | |
|---|---|
| campo de control de longitud fija | 00745cam a2200205 a 4500 |
| 001 - NÚMERO DE CONTROL | |
| campo de control | 000007641 |
| 005 - FECHA Y HORA DE LA ÚLTIMA TRANSACCIÓN | |
| campo de control | 20200929154237.0 |
| 008 - DATOS DE LONGITUD FIJA--INFORMACIÓN GENERAL | |
| campo de control de longitud fija | 890502s1986 cu a b 000 0dspa |
| 040 ## - FUENTE DE LA CATALOGACIÓN | |
| Centro catalogador/agencia de origen | DO-SdBNP |
| Centro/agencia transcriptor | DLC |
| Centro/agencia modificador | DLC |
| 082 ## - NÚMERO DE LA CLASIFICACIÓN DECIMAL DEWEY | |
| Número de clasificación | 928.61 |
| Número de documento/Ítem | B928d |
| 100 1# - ENTRADA PRINCIPAL--NOMBRE DE PERSONA | |
| Nombre de persona | Bueno, Salvador, |
| Fechas asociadas al nombre | 1917-2006. |
| 9 (RLIN) | 21197 |
| 245 10 - MENCIÓN DE TÍTULO | |
| Título | Domingo del Monte : |
| Resto del título | ¿quién fue? / |
| Mención de responsabilidad, etc. | Salvador Bueno; edición de José Rodríguez Feo. |
| 260 ## - PUBLICACIÓN, DISTRIBUCIÓN, ETC. | |
| Lugar de publicación, distribución, etc. | La Habana : |
| Nombre del editor, distribuidor, etc. | Unión de Escritores y Artistas de Cuba, |
| Fecha de publicación, distribución, etc. | 1986. |
| 300 ## - DESCRIPCIÓN FÍSICA | |
| Extensión | 66 p. : |
| Otras características físicas | il. ; |
| Dimensiones | 19 cm. |
| 504 ## - NOTA DE BIBLIOGRAFÍA, ETC. | |
| Nota de bibliografía, etc. | Bibliografías: p. 59-60. |
| 600 14 - PUNTO DE ACCESO ADICIONAL DE MATERIA--NOMBRE DE PERSONA | |
| Nombre de persona | DEL MONTE, DOMINGO |
| Fechas asociadas al nombre | 1804-1853 |
| 9 (RLIN) | 21198 |
| 650 #4 - PUNTO DE ACCESO ADICIONAL DE MATERIA--TÉRMINO DE MATERIA | |
| Término de materia o nombre geográfico como elemento de entrada | Autores cubanos |
| Subdivisión cronológica | SIGLOXX |
| Subdivisión general | Biografías |
| 9 (RLIN) | 21199 |
| 700 1# - PUNTO DE ACCESO ADICIONAL--NOMBRE DE PERSONA | |
| Nombre de persona | Rodríguez Feo, José |
| Término indicativo de función/relación | ed. |
| 9 (RLIN) | 16879 |
| 910 ## - DATOS DE OPCIÓN DEL USUARIO (OCLC) | |
| Datos de opción del usuario | Catalogación por copia / LC |
| Estado de retiro | Estado de pérdida | Restricciones de uso | No para préstamo | Código de colección | Localización permanente | Ubicación/localización actual | Ubicación en estantería | Fecha de adquisición | Número de inventario | Total de préstamos | Signatura topográfica completa | Código de barras | Fecha visto por última vez | Precio válido a partir de | Tipo de ítem Koha | Número de copia |
|---|---|---|---|---|---|---|---|---|---|---|---|---|---|---|---|---|
| Préstamo interno | Monografías: Libros y Folletos | General | General | En catalogación | 09.09.2009 | LF1 | 928.61 B928d | 7641-10 | 25.06.2020 | 25.06.2020 | Préstamo interno | |||||
| Préstamo restringido | Préstamo restrigido | Monografías: Libros y Folletos | General | General | En catalogación | 09.09.2009 | LF1 | 928.61 B928d | 7641-20 | 25.06.2020 | 25.06.2020 | Préstamo interno | e.2 |
